Chants de la Révolution française / (Record no. 173030)

MARC details
000 -LEADER
campo de control de longitud fija 00830nam a2200217 i 4500
001 - NÚMERO DE CONTROL
campo de control 173030
003 - IDENTIFICADOR DE NÚMERO DE CONTROL
campo de control ES-MaACL
005 - FECHA Y HORA DE LA ÚLTIMA TRANSACCIÓN
campo de control 20250809070336.0
008 - DATOS DE LONGITUD FIJA--INFORMACIÓN GENERAL
campo de control de longitud fija 091014s1989 fr |||| | fre d
020 ## - NÚMERO INTERNACIONAL ESTÁNDAR DEL LIBRO
Número Internacional Estándar del Libro 2-253-04930-1
080 ## - NÚMERO DE LA CLASIFICACIÓN DECIMAL UNIVERSAL
Número de la Clasificación Decimal Universal 784 : 323.272 (44) "1789"
245 00 - MENCIÓN DEL TÍTULO
Título Chants de la Révolution française /
Mención de responsabilidad, etc. choix établi par François Moureau et Élisabeth Wahl.
260 ## - PUBLICACIÓN, DISTRIBUCIÓN, ETC.
Lugar de publicación, distribución, etc. Paris :
Nombre del editor, distribuidor, etc. Librairie Générale Française,
Fecha de publicación, distribución, etc. 1989.
300 ## - DESCRIPCIÓN FÍSICA
Extensión 222 p. :
Otras características físicas mús. ;
Dimensiones 17 cm.
490 1# - MENCIÓN DE SERIE
Mención de serie Le livre de poche ;
Designación de volumen o secuencia 6610
650 #4 - PUNTO DE ACCESO ADICIONAL DE MATERIA--TÉRMINO DE MATERIA
Término de materia o nombre geográfico como elemento de entrada Canciones francesas-
Subdivisión cronológica S.XVIII-XIX
9 (RLIN) 10728
651 #4 - PUNTO DE ACCESO ADICIONAL DE MATERIA--NOMBRE GEOGRÁFICO
Nombre geográfico Francia-
Subdivisión general Historia-
Subdivisión cronológica 1789-1799, Revolución-
Subdivisión de forma Canciones.
9 (RLIN) 8687
830 03 - PUNTO DE ACCESO ADICIONAL DE SERIE-TÍTULO UNIFORME
Título uniforme Le livre de poche
Designación de volumen o secuencia 6610
9 (RLIN) 179656
852 4# - LOCALIZACIÓN
Ubicación ES-MaACL
Número de control de estantería E-13026
itemnumber R.139370 . -
Nota libre Biblioteca Jacinto Martínez Lacalle
Holdings
Estatus retirado Estado de pérdida Estado de daño No para préstamo Biblioteca de origen Biblioteca actual Ubicación en estantería Fecha de adquisición Fuente de adquisición Total de préstamos Signatura topográfica completa Código de barras Visto por última vez Precio de reemplazo Tipo de ítem Koha
        Biblioteca del Ateneo de Madrid Biblioteca del Ateneo de Madrid Depósito 2 14/10/2009     E-13026 1181560 23/02/2023 23/02/2023 Libro impreso